1704 1661 1006 1207 1228 1023 1573 1354 1202 1784 1903 1805 1085 1096 1349 1129 1565 1021 1742 1158 1237 1552 1510 1597 1757 1176 1109 1067 1979 1813 1464 1380 1732 1600 1631 1444 1940 1679 1902 1162 1657 1318 1319 1960 1549 1625 1714 1041 1407 1921 1399 1907 1360 1789 1862 1921 1290 1283 1624 1907 1015 1185 1537 1175 1868 1982 1460 1606 1474 1081 1345 1854 1241 1244 1380 1037 1684 1124 1450 1164 1395 1584 1034 1675 1584 1845 1758 1565 1836 1864 1962 1611 1123 1866 1035 1892 1176 1286 1665 BCNSPRNW ULIB Ver.6.0+V

เปลี่ยนเป็นภาษาไทย

Change to English
 แสดงรายละเอียดบรรณานุกรม
  กลับหน้าหลัก

Brief Record : Get Marc (ISO 2709) : E-mail record : QR code < ปิดหน้าต่าง
LEADER : 00000nam 2200000uu 4500
001    13399123167
003     ULIB
008    020711s2549 th a 000 0 tha d
020    9749698134
020    9789749698136
090    นว.^bม111ห
100    มิยาเบะ มิยูกิ
245    เหตุที่ฆ่า /^cมิยาเบะ มิยูกิ ; เขียน , อาจารี สัตยาประเสริฐ ; แปล
250    พิมพ์ครั้งที่ 1
260    กรุงเทพฯ :^bNB Horror,^c2549
300    536 หน้า;^b21 ซม.
700    อาจารี สัตยาประเสริฐ ;^eแปล
945    ^p285^l0^i034424
999    ^aเกษร โพธิ์สุวรรณ
รายการนี้ยังไม่มีแท็ก
คุณยังไม่ได้ล็อกอิน คุณสามารถมีกิจกรรมร่วมกับเว็บไซต์ได้ แต่ต้องล็อกอินก่อน ::
  ล็อกอิน

รายการสื่อสารสนเทศ

ลำดับที่ ประเภท เลขเรียก/บาร์โค้ด สถานที่ สถานะ
1. นวนิยาย
นวนิยาย
นว. ม111ห ฉ.1 
  Barcode: 034424
ห้องสมุดวิทยาเขตสวรรค์ประชารักษ์
►นวนิยาย
บนชั้น
  ขอยืม

BibComment


ยังไม่เคยถูกคอมเมนท์

คอมเมนท์ทรัพยากรรายการนี้
  คอมเมนท์: เหตุที่ฆ่า มิยาเ..


 Copyright 2026. Bcnsprnw @Library